Conjuntos inmobiliarios y multipropiedad ponencias y proyectos de la ley sobre conjuntos inmobiliarios/

Detalles Bibliográficos
Autor Corporativo: Asociacin̤ de Profesores de Derecho Civil
Formato: Desconocido
Lenguaje:español
Publicado: Barcelona : Bosch, 1993
Materias:
Acceso en línea:Acceso restringido

MARC

LEADER 00000ny a22000003n 4500
005 20110607110419.0
008 950214s1993 sp 000 spa d
017 |a Z1870-93 
020 |a 8476982526 
035 |a 1126 
040 |a UCM.DER  |d vLex 
040 |a UMA.RE  |d vLex 
080 |a 347.238(460)(0.034) 
090 |c 515  |d 515 
245 0 0 |a Conjuntos inmobiliarios y multipropiedad  |h [Recurso electrn̤ico]  |b ponencias y proyectos de la ley sobre conjuntos inmobiliarios/  |c Asociacin̤ de Profesores de Derecho Civil 
256 |a Servicio en ln̕ea 
260 |a Barcelona :  |b Bosch,  |c 1993 
300 |a 258 p. ;  |c 24 cm 
506 1 |a Contenido solo disponible en los productos indicados  |d vLex Global  |d vLex Global (Academic Edition, excluding Law Schools)  |d vLex Global (U.S. Academic Edition, Law Schools)  |d vLex Global (U.S. Academic Edition, excluding Law Schools)  |d vLex Global (Academic Edition, Law Schools) 
650 0 7 |a Inmobiliario y registral  |2 Tesauro vLex 
650 0 7 |a Conjunto inmobiliario  |2 Tesauro vLex 
650 0 7 |a Multipropiedad  |2 Tesauro vLex 
650 0 7 |a Comunidad de bienes  |2 Tesauro vLex 
710 2 |a Asociacin̤ de Profesores de Derecho Civil 
740 0 |a vLex Libros (Servicios en ln̕ea) 
856 4 0 |u http://vlex.com/source/1126  |z Acceso restringido 
942 |c BOOK 
999 0 |a Timesharing (Real state)  |b Barcelona